000 01467cam a22004211i 4500
001 20860342
003 JO-AjAnu
005 20240805124500.0
006 m |o d |
007 cr_|||||||||||
008 190221s2020 nju ob 001 0 eng
010 _a 2019008704
020 _a9781119167822
_q(Adobe PDF)
020 _a9781119167839
_q(ePub)
020 _z9781119167815
_q(pbk.)
040 _aDLC
_beng
_erda
_cDLC
_dDLC
_dJO-AjAnu
042 _apcc
050 0 0 _aR853.S7
_b2020
060 1 0 _aWA 950
082 0 0 _a610.72/7
_223
100 1 _aPetrie, Aviva,
_eauthor.
245 1 0 _aMedical statistics at a glance /
_cAviva Petrie, Caroline Sabin.
250 _aFourth edition.
264 1 _aHoboken, NJ :
_bWiley-Blackwell,
_c2020.
300 _a1 online resource.
336 _atext
_btxt
_2rdacontent
337 _acomputer
_bc
_2rdamedia
338 _aonline resource
_bcr
_2rdacarrier
504 _aIncludes bibliographical references and index.
588 _aDescription based on print version record and CIP data provided by publisher.
650 1 2 _aStatistics as Topic
650 2 2 _aResearch Design
700 1 _aSabin, Caroline,
_eauthor.
776 0 8 _iPrint version:
_aPetrie, Aviva, author.
_tMedical statistics at a glance
_bFourth edition.
_dHoboken, NJ : Wiley-Blackwell, 2020
_z9781119167815
_w(DLC) 2019008181
906 _a7
_bcbc
_corigcop
_d1
_eecip
_f20
_gy-gencatlg
942 _2lcc
_cBK
_n0
999 _c33620
_d33620